| 000 | 00615cam a2200241 4500 | ||
|---|---|---|---|
| 001 | J110949 | ||
| 008 | 000000n2001 000 0 eng u | ||
| 035 | _a(Sirsi) u110949 | ||
| 050 | _a330.941 | ||
| 110 |
_aStrutt & Parker _92509 |
||
| 245 | _aEconomic prospects - January -July 2001 | ||
| 260 |
_aLondon _bStrutt and Parker _c2001 |
||
| 300 | _a3 pt. ; 30cm. | ||
| 650 | _aRENTS | ||
| 650 | _aYIELDS | ||
| 650 | _aOFFICES | ||
| 650 | _aRETAIL PROPERTY | ||
| 650 | _aINDUSTRIAL PROPERTY | ||
| 650 | _aTELECOMS INDUSTRY | ||
| 650 | _aECONOMIC ISSUES | ||
| 690 | _aCOMMERICAL PROPERTY | ||
| 942 | _n0 | ||
| 999 |
_c101169 _d101169 |
||